00680nam a2200181 u 450000100100000000500170001000800410002702000180006808200170008610000340010324501810013726000410031830000290035950000420038870000380043099900170046804000130048500004660920201002053010.0170126s2010 sp r 000 0 spa d a9786071103963 a291.4bC549s1 aChopra, Deepak,d1947-97460810aSincro destino :bdescifra el significado oculto de las coincidencias en tu vida y crea los milagros que has soñado /cDeepak Chopra ; traducción Gerardo Hernández Clark. aMéxico :bPunto de lectura,c2010. a225 p ; :bil. ;c21 cm. aIncluye datos biográficos del autor12aHernández Clark, Gerardo974609 c46098d46098 aDO-SdBNP